Statistiques concernant Trouvez les Paroles : Nightcore - Les Maudits Mots d'Amour

Cliquez ici pour prendre le quiz!

Statistiques générales

  • Ce quiz a été pris 4 fois
  • Le résultat moyen est 145 sur 251

Statistiques - réponses

Paroles% Correct
à
100%
en
100%
je
100%
Je
100%
Mais
100%
mais
100%
d'amour
75%
dans
75%
de
75%
De
75%
des
75%
Dès
75%
encore
75%
Et
75%
la
75%
le
75%
les
75%
Les
75%
maudits
75%
me
75%
mots
75%
nous
75%
Pour
75%
pour
75%
Quand
75%
sans
75%
sous
75%
suis
75%
une
75%
vous
75%
-Vous
75%
Vous ?
75%
vous ?
75%
âme
50%
ami ?
50%
au
50%
beaux
50%
belle
50%
bonheur
50%
bras
50%
ce
50%
Ce
50%
charme
50%
cher
50%
coeur
50%
corps
50%
coup
50%
dame ?
50%
détour
50%
dieu
50%
Disons
50%
dit
50%
d'un
50%
émoi
50%
endormie
50%
flamme
50%
fort
50%
l'ai
50%
l'incendie
50%
l'ivresse
50%
mélos
50%
mis
50%
mon
50%
mort
50%
ne
50%
non
50%
nuits
50%
ose
50%
pas
50%
pis
50%
plus
50%
Pourvu
50%
que
50%
qui
50%
qu'on
50%
reste
50%
seul
50%
soyons
50%
Tant
50%
tes
50%
toi
50%
tombé
50%
Tout
50%
vie
50%
vole
50%
Vole
50%
voulais
50%
avez
25%
ces
25%
c'est
25%
contre
25%
Défendu
25%
désir
25%
disposez
25%
dits
25%
éclat
25%
épargner
25%
faut
25%
impromptu
25%
j'adore
25%
jeu
25%
jure
25%
L'interdit
25%
l'on
25%
maitriser
25%
mentir
25%
n'est
25%
non-dit
25%
oublier
25%
perdre
25%
plaisir
25%
remords
25%
retenir
25%
réveillez
25%
S'abandonner
25%
S'il
25%
Son
25%
sort
25%
souffrir
25%
suffisait
25%
Toutes
25%
trahir
25%
tue
25%
va
25%
dire
0%
passés
0%
qu'im
0%

Distribution des résultats

Percentile par nombre de réponses

% des personnes avec chaque résultat

Votre développement - résultats

Vous n’avez pas pris ce quiz